[Event "Singapore schev"]
[Site "Singapore"]
[Date "2010.02.12"]
[Round "7"]
[White "Fernandez, Daniel Howard"]
[Black "Gloria, Eric"]
[Result "1-0"]
[WhiteElo "2288"]
[BlackElo "2306"]
[PlyCount "83"]
[EventDate "2010.02.12"]
[EventType "schev"]
[EventRounds "10"]
[EventCountry "SIN"]
[SourceTitle "CBM 135 Extra"]
[Source "ChessBase"]
[SourceDate "2010.05.04"]
[SourceVersion "1"]
[SourceVersionDate "2010.05.04"]
[SourceQuality "1"]

1. e4 c5 2. Nf3 Nc6 3. Bb5 e6 4. b3 Nge7 5. Bb2 a6 6. Bxc6 Nxc6 7. 0-0 d6 8. d4 cxd4 9. Nxd4 Bd7 10. c4 Be7 11. Qd2 0-0 12. Nc3 Qb6 13. Rad1 Rfd8 14. Rfe1 Rac8 15. Nxc6 bxc6 16. Qd4 Qxd4 17. Rxd4 c5 18. Rd3 Bc6 19. Red1 g5 20. f3 f6 21. g4 Kf7 22. Ne2 Rd7 23. Kf2 Rb7 24. h4 h6 25. hxg5 hxg5 26. Rh1 a5 27. Bc3 Ra8 28. Rdd1 Kg6 29. Rb1 a4 30. b4 a3 31. b5 Bd7 32. f4 f5 33. gxf5+ exf5 34. fxg5 fxe4 35. Nf4+ Kf5 36. Nd5 Bxg5 37. Rbg1 Rg8 38. Rh5 Be6 39. Ne3+ Kf4 40. Ke2 Bxc4+ 41. Nxc4 e3 42. Nxe3 1-0

[Event "Singapore schev"]
[Site "Singapore"]
[Date "2010.02.12"]
[Round "2"]
[White "Gloria, Eric"]
[Black "Fernandez, Daniel Howard"]
[Result "1-0"]
[WhiteElo "2306"]
[BlackElo "2288"]
[PlyCount "95"]
[EventDate "2010.02.12"]
[EventType "schev"]
[EventRounds "10"]
[EventCountry "SIN"]
[SourceTitle "CBM 135 Extra"]
[Source "ChessBase"]
[SourceDate "2010.05.04"]
[SourceVersion "1"]
[SourceVersionDate "2010.05.04"]
[SourceQuality "1"]

1. d4 g6 2. e4 Bg7 3. Nc3 d6 4. f4 a6 5. Nf3 b5 6. Be3 Bb7 7. Bd3 Nd7 8. a4 b4 9. Ne2 c5 10. c3 Ngf6 11. Ng3 0-0 12. cxb4 Ng4 13. Bg1 Qb6 14. Nd2 f5 15. exf5 Ngf6 16. bxc5 dxc5 17. dxc5 Nxc5 18. Bc4+ Kh8 19. b4 Qxb4 20. Rb1 Qa5 21. Bxc5 Qxc5 22. Rxb7 Rad8 23. Qe2 gxf5 24. Rb3 Rd4 25. Rd3 Ng4 26. Rf1 Rfd8 27. Rxd4 Bxd4 28. Rf3 Nxh2 29. Rd3 Ng4 30. Qe6 Rf8 31. Ke2 Bb2 32. Nxf5 Qf2+ 33. Kd1 Qxf4 34. Kc2 Bf6 35. Nxe7 Ne5 36. Nd5 Qg5 37. Nxf6 Nxd3 38. Nfe4 Nb4+ 39. Kb3 Qg7 40. Kxb4 Rb8+ 41. Kc5 Qa7+ 42. Kd5 Rd8+ 43. Nd6 Qb7+ 44. Kd4 Qg7+ 45. Ke4 Qxg2+ 46. Nf3 Qc2+ 47. Kd5 Qd1+ 48. Kc5 1-0

[Event "Singapore 9th"]
[Site "Singapore"]
[Date "2009.06.24"]
[Round "8"]
[White "Gloria, Eric"]
[Black "Nguyen, Thi Thuan Hoa"]
[Result "1/2-1/2"]
[WhiteElo "2301"]
[BlackElo "2205"]
[PlyCount "126"]
[EventDate "2009.06.21"]
[EventType "tourn"]
[EventRounds "11"]
[EventCountry "SIN"]
[EventCategory "2"]
[SourceTitle "CBM 131 Extra"]
[Source "ChessBase"]
[SourceDate "2009.09.03"]
[SourceVersion "2"]
[SourceVersionDate "2009.09.16"]
[SourceQuality "1"]

1. d4 d5 2. Nf3 Nf6 3. c4 e6 4. Nc3 Be7 5. Bg5 0-0 6. e3 c6 7. Qc2 Nbd7 8. cxd5 exd5 9. Bd3 Re8 10. 0-0-0 Nf8 11. Bxf6 Bxf6 12. h3 b5 13. Kb1 a5 14. g4 a4 15. Rhg1 Bd7 16. Rc1 Be7 17. e4 dxe4 18. Nxe4 b4 19. Qd2 Ng6 20. Bc4 b3 21. a3 h6 22. Rge1 Qa5 23. Rc3 Bf8 24. Ne5 Nxe5 25. dxe5 Be6 26. Bxe6 Rxe6 27. f4 Qb6 28. Rd3 c5 29. Qc3 c4 30. Qxc4 Rc6 31. Qd4 Qc7 32. Nc3 Rc4 33. Qd5 Rc8 34. Re4 Rxe4 35. Qxe4 Rd8 36. Rd4 Qb6 37. Rxd8 Qxd8 38. Kc1 Qb6 39. Kd2 Qd8+ 40. Ke2 h5 41. g5 Qc8 42. f5 Bxa3 43. Nxa4 Be7 44. h4 Qa6+ 45. Kf2 Qa7+ 46. Kg2 Qd7 47. Nc3 Qd2+ 48. Qe2 Qd4 49. f6 Bf8 50. e6 fxe6 51. Qxe6+ Kh8 52. fxg7+ Kxg7 53. Qh6+ Kg8 54. Qg6+ Bg7 55. Qe8+ Kh7 56. Qxh5+ Kg8 57. Qe8+ Kh7 58. Qe4+ Qxe4+ 59. Nxe4 Bxb2 60. Nd2 Kg6 61. Nxb3 Kh5 62. Kh3 Bc3 63. Nc5 Be1 1/2-1/2

[Event "Singapore Masters 3rd"]
[Site "Singapore"]
[Date "2006.12.30"]
[Round "9"]
[White "Gloria, Eric"]
[Black "Paez, Alfredo"]
[Result "1-0"]
[WhiteElo "2292"]
[BlackElo "2182"]
[PlyCount "76"]
[EventDate "2006.12.26"]
[EventType "swiss"]
[EventRounds "9"]
[EventCountry "SIN"]
[SourceTitle "CBM 116 Extra"]
[Source "ChessBase"]
[SourceDate "2007.03.07"]
[SourceVersion "1"]
[SourceVersionDate "2007.03.07"]
[SourceQuality "1"]

1. d4 d5 2. c4 e6 3. Nc3 c6 4. e4 dxe4 5. Nxe4 Nf6 6. Nxf6+ Qxf6 7. Nf3 Bb4+ 8. Bd2 Bxd2+ 9. Qxd2 0-0 10. 0-0-0 Nd7 11. Qe3 Rd8 12. Bd3 Nf8 13. Ne5 Bd7 14. f4 Qe7 15. c5 Rab8 16. Rd2 Be8 17. g4 b6 18. g5 Qc7 19. Rhd1 bxc5 20. dxc5 Qa5 21. Bc4 Rxd2 22. Rxd2 Ng6 23. Nxg6 hxg6 24. Qd4 Qa4 25. b3 Qa3+ 26. Kb1 a5 27. Qd6 Qb4 28. a3 Qb7 29. h4 Ra8 30. h5 gxh5 31. g6 fxg6 32. Qxe6+ Bf7 33. Rd7 Bxe6 34. Bxe6+ Kh7 35. Rxb7 Rf8 36. Rf7 Re8 37. Bc4 h4 38. Rb7 h3 1-0

[Event "Geneve op"]
[Site "Geneve"]
[Date "1993.??.??"]
[Round "7"]
[White "Arlandi, Ennio"]
[Black "Gloria, Eric"]
[Result "1-0"]
[WhiteElo "2460"]
[BlackElo "2275"]
[PlyCount "67"]
[EventDate "1993.01.??"]
[EventType "swiss"]
[EventRounds "9"]
[EventCountry "SUI"]
[SourceTitle "EXT 1997"]
[Source "ChessBase"]
[SourceDate "1996.11.15"]
[SourceVersion "1"]
[SourceVersionDate "1996.11.15"]
[SourceQuality "1"]

1. d4 d5 2. c4 c6 3. Nc3 Nf6 4. e3 g6 5. Nf3 Bg7 6. Be2 0-0 7. 0-0 Bg4 8. cxd5 Nxd5 9. h3 Bxf3 10. Bxf3 e6 11. Bd2 Nd7 12. Rb1 Re8 13. Qc2 Rc8 14. Rfd1 N7b6 15. Be1 Qg5 16. Ne4 Qe7 17. Nc5 f5 18. a4 Nf6 19. Qb3 Rb8 20. Bb4 Nbd5 21. Ba3 Qc7 22. Rbc1 Kh8 23. Nxe6 Rxe6 24. Bxd5 Nxd5 25. Qxd5 Qf7 26. Qb3 Rd8 27. Bc5 b6 28. Bb4 f4 29. Rxc6 Rde8 30. Rxe6 Rxe6 31. e4 f3 32. Qxf3 Qe8 33. e5 Qxa4 34. Bc3 1-0

[Event "Geneve op"]
[Site "Geneve"]
[Date "1993.??.??"]
[Round "8"]
[White "Gloria, Eric"]
[Black "Sutter, Oliver"]
[Result "0-1"]
[WhiteElo "2275"]
[BlackElo "2245"]
[PlyCount "54"]
[EventDate "1993.01.??"]
[EventType "swiss"]
[EventRounds "9"]
[EventCountry "SUI"]
[SourceTitle "EXT 1997"]
[Source "ChessBase"]
[SourceDate "1996.11.15"]
[SourceVersion "1"]
[SourceVersionDate "1996.11.15"]
[SourceQuality "1"]

1. d4 Nf6 2. c4 c5 3. d5 e6 4. Nc3 exd5 5. cxd5 d6 6. e4 g6 7. f4 Bg7 8. Be2 0-0 9. Nf3 Re8 10. e5 dxe5 11. fxe5 Ng4 12. e6 fxe6 13. d6 Rf8 14. 0-0 Nc6 15. Bg5 Bd4+ 16. Kh1 Qxd6 17. g3 Nce5 18. Bf4 Qc6 19. Bb5 Qb6 20. Nxe5 Nxe5 21. Qe2 Nf7 22. Bc4 Bd7 23. h4 Kg7 24. h5 g5 25. Bd2 Bc6+ 26. Kh2 Ne5 27. Ne4 Bxe4 0-1

[Event "Olympiad-30"]
[Site "Manila"]
[Date "1992.06.12"]
[Round "5.3"]
[White "Gloria, Eric"]
[Black "Geenen, Marc"]
[Result "1-0"]
[WhiteElo "2235"]
[BlackElo "2340"]
[PlyCount "81"]
[EventDate "1992.06.08"]
[EventType "team-swiss"]
[EventRounds "14"]
[EventCountry "PHI"]
[SourceTitle "TD"]
[Source "ChessBase"]
[SourceDate "1994.03.01"]
[SourceVersion "1"]
[SourceVersionDate "1994.03.01"]
[SourceQuality "1"]
[WhiteTeam "Philippines II"]
[BlackTeam "Belgium"]
[WhiteTeamCountry "PHI"]
[BlackTeamCountry "BEL"]

1. d4 d5 2. c4 e6 3. Nc3 c6 4. e4 dxe4 5. Nxe4 Bb4+ 6. Bd2 Qxd4 7. Bxb4 Qxe4+ 8. Be2 Qxg2 9. Qd6 c5 10. Bc3 Ne7 11. Bf3 Qg5 12. Ne2 Nf5 13. Qc7 Qd8 14. Qxc5 Na6 15. Qb5+ Qd7 16. Nd4 Qxb5 17. cxb5 Nxd4 18. Bxd4 Nb4 19. 0-0-0 Nxa2+ 20. Kb1 Nb4 21. Bxg7 Rg8 22. Be5 Nd5 23. Rhe1 Rg6 24. h4 Kf8 25. Be4 f5 26. h5 Rh6 27. Bf3 Bd7 28. Rg1 Bxb5 29. Bg7+ Kf7 30. Bxh6 Nb4 31. Rg7+ Kf6 32. Rxb7 Bd3+ 33. Rxd3 Nxd3 34. Rd7 Nc5 35. Bxa8 Nxd7 36. Bf3 e5 37. Be3 f4 38. Bxa7 Kg5 39. b4 Kf5 40. Bc6 Nf6 41. b5 1-0

[Event "Zuerich op-A 16th"]
[Site "Zuerich"]
[Date "1992.??.??"]
[Round "?"]
[White "Gloria, Eric"]
[Black "Klauser, Markus"]
[Result "0-1"]
[WhiteElo "2235"]
[BlackElo "2310"]
[PlyCount "82"]
[EventDate "1992.12.26"]
[EventType "swiss"]
[EventRounds "7"]
[EventCountry "SUI"]
[SourceTitle "TD"]
[Source "ChessBase"]
[SourceDate "1994.03.01"]
[SourceVersion "1"]
[SourceVersionDate "1994.03.01"]
[SourceQuality "1"]

1. d4 c5 2. d5 e5 3. c4 d6 4. Nc3 Be7 5. e4 a6 6. Nf3 Bg4 7. Qb3 b6 8. Bd3 Nd7 9. Nd2 Bg5 10. f3 Bh5 11. Nf1 Bxc1 12. Rxc1 Qh4+ 13. Ng3 Bg6 14. 0-0 Qd8 15. Nd1 Nh6 16. Ne3 0-0 17. Rce1 Rb8 18. a4 f6 19. Qc2 Be8 20. Rf2 Rf7 21. Ne2 Nf8 22. Nc3 Bd7 23. Nf5 Nxf5 24. exf5 Be8 25. g4 Rfb7 26. h4 h6 27. Rg2 Nh7 28. Kh1 Kf8 29. b3 Rf7 30. Qd2 Rbb7 31. f4 exf4 32. Ne2 f3 33. Nf4 fxg2+ 34. Kxg2 Kg8 35. Ne6 Qb8 36. Re3 Rfe7 37. Qe1 b5 38. Qa5 bxa4 39. bxa4 Rb2+ 40. Kg3 Qb6 41. Qe1 Qb4 0-1

[Event "Greenhills op"]
[Site "Greenhills"]
[Date "1989.??.??"]
[Round "?"]
[White "Gloria, Eric"]
[Black "Toledo, Rodolfo"]
[Result "0-1"]
[WhiteElo "2245"]
[BlackElo "2270"]
[PlyCount "92"]
[EventDate "1989.07.??"]
[EventType "swiss"]
[EventRounds "12"]
[EventCountry "PHI"]
[SourceTitle "EXT 2010"]
[Source "ChessBase"]
[SourceDate "2010.11.25"]
[SourceVersion "1"]
[SourceVersionDate "2010.11.25"]
[SourceQuality "1"]

1. d4 g6 2. c4 c5 3. d5 d6 4. Nc3 Nf6 5. e4 b5 6. cxb5 a6 7. Nf3 Bg7 8. Be2 0-0 9. 0-0 axb5 10. Bxb5 Ba6 11. Re1 Nfd7 12. Qe2 Bxb5 13. Nxb5 Qb6 14. a4 Na6 15. Rb1 Nc7 16. Nxc7 Qxc7 17. b3 Rfb8 18. Bg5 Ne5 19. Nxe5 Bxe5 20. Rec1 Qd7 21. Bd2 Rb7 22. Bc3 Bxc3 23. Rxc3 Qxa4 24. h4 Qd4 25. Qc2 Rba7 26. Rc4 Qf6 27. Ra4 Qxh4 28. Rba1 Rxa4 29. Rxa4 Rb8 30. Qc4 Qg4 31. Qc2 Qd7 32. Qa2 Qg4 33. Ra8 Rxa8 34. Qxa8+ Kg7 35. Qa1+ f6 36. Qa4 h5 37. f3 Qg3 38. Qd7 Qe5 39. Kf1 Kf7 40. Qa4 h4 41. Qa8 f5 42. Qa4 fxe4 43. fxe4 g5 44. Qc4 g4 45. Qd3 Qa1+ 46. Ke2 Qg1 0-1

[Event "Olympiad-28"]
[Site "Thessaloniki"]
[Date "1988.11.19"]
[Round "6"]
[White "Gloria, Eric"]
[Black "Urday Caceres, Henry"]
[Result "1-0"]
[WhiteElo "2220"]
[BlackElo "2430"]
[PlyCount "89"]
[EventDate "1988.11.13"]
[EventType "team-swiss"]
[EventRounds "14"]
[EventCountry "GRE"]
[SourceTitle "TD"]
[Source "ChessBase"]
[SourceDate "1994.03.01"]
[SourceVersion "1"]
[SourceVersionDate "1994.03.01"]
[SourceQuality "1"]
[WhiteTeam "Philippines"]
[BlackTeam "Peru"]
[WhiteTeamCountry "PHI"]
[BlackTeamCountry "PER"]

1. d4 c5 2. d5 e5 3. c4 d6 4. Nc3 g6 5. e4 Bg7 6. Bd3 Ne7 7. g4 0-0 8. Bg5 h6 9. Bh4 Na6 10. h3 Nc7 11. Nge2 Bd7 12. Qd2 a6 13. Bg3 Kh7 14. f4 exf4 15. Bxf4 Ne8 16. 0-0-0 b5 17. Rdg1 bxc4 18. Bb1 Ng8 19. h4 Kh8 20. Rg2 Qe7 21. Nd1 Nef6 22. Nf2 Rfb8 23. Nc3 Ne8 24. Nfd1 Rb6 25. Rf1 Rab8 26. Be3 Nef6 27. Qe2 Qe8 28. g5 Nh5 29. Qf3 Qe5 30. gxh6 Nxh6 31. Rg5 Bg4 32. Rxg4 Nxg4 33. Qxg4 Rxb2 34. Bc2 R2b7 35. Qg5 Qh2 36. Qg1 Qxh4 37. Qg2 Qd8 38. Rh1 Qa5 39. Kd2 Rb1 40. Qg4 R1b6 41. Rh3 Be5 42. Bf4 Re8 43. Bxe5+ Rxe5 44. Ne3 Rb4 45. Nf5 1-0